Mass spectrometry : (Record no. 10472)
[ view plain ]
| 000 -LEADER | |
|---|---|
| fixed length control field | 00869nam a2200277 4500 |
| 001 - CONTROL NUMBER | |
| control field | 10472 |
| 003 - CONTROL NUMBER IDENTIFIER | |
| rucl marc code | BD-RjUL |
| 005 - DATE AND TIME OF LATEST TRANSACTION | |
| control field | 20211208234948.0 |
| 008 - FIXED-LENGTH DATA ELEMENTS--GENERAL INFORMATION | |
| fixed length control field | 140123s1962 nyua b 000 0 eng d |
| 035 ## - SYSTEM CONTROL NUMBER | |
| System control number | CURL 980062013806(LCo) from tcc86 |
| -- | (BD-RjUL)10520 |
| 040 ## - CATALOGING SOURCE | |
| Original cataloging agency | UkOxU |
| Language of cataloging | eng |
| Transcribing agency | UkOxU |
| Modifying agency | BD-RjUL |
| 041 ## - LANGUAGE CODE | |
| Language code of text/sound track or separate title | eng |
| 082 04 - DEWEY DECIMAL CLASSIFICATION NUMBER | |
| Edition number | 18 |
| Classification number | 547.3533 |
| Author mark and year | BIM 1962 |
| 100 1# - MAIN ENTRY--PERSONAL NAME | |
| Personal name | Biemann, K. |
| Fuller form of name | (Klaus) |
| 9 (RLIN) | 32355 |
| 245 10 - TITLE STATEMENT | |
| Title | Mass spectrometry : |
| Remainder of title | organic chemical applications / |
| Statement of responsibility, etc. | Klaus Biemann |
| 260 ## - PUBLICATION, DISTRIBUTION, ETC. (IMPRINT) | |
| Place of publication, distribution, etc. | New York : |
| Name of publisher, distributor, etc. | McGraw-Hill, |
| Date of publication, distribution, etc. | c1962. |
| 300 ## - PHYSICAL DESCRIPTION | |
| Pagination | 370 p. : |
| Illustrations | illus ; |
| Size | 24 cm |
| 504 ## - BIBLIOGRAPHY, ETC. NOTE | |
| Bibliography, etc | Includes bibliography |
| 650 #0 - SUBJECT ADDED ENTRY--TOPICAL TERM | |
| Topical term or geographic name as entry element | Chemistry, Analytic |
| 9 (RLIN) | 32356 |
| Topical term or geographic name as entry element | Chemistry, Organic |
| 9 (RLIN) | 32357 |
| Topical term or geographic name as entry element | Mass spectrometry |
| 9 (RLIN) | 31258 |
| 830 #0 - SERIES ADDED ENTRY--UNIFORM TITLE | |
| Uniform title | McGraw-Hill series in advanced chemistry |
| 942 ## - ADDED ENTRY ELEMENTS (KOHA) | |
| Source of classification or shelving scheme | Dewey Decimal Classification |
| Koha item type | Books |
| Lost status | Source of classification or shelving scheme | Damaged status | Not for loan | Permanent Location | Current Location | Shelving location | Date acquired | Source of acquisition | Cost, normal purchase price | Total Checkouts | Full call number | Date last seen | Copy number | Koha item type |
|---|---|---|---|---|---|---|---|---|---|---|---|---|---|---|
| Dewey Decimal Classification | Not For Loan | Central Library, University of Rajshahi | Central Library, University of Rajshahi | Reading Room | 02/12/1965 | Zeitlinger | 116.00 | 547.3533 BIM 1962 | 23/01/2014 | C-1 | Books |